=LDR 00000nam 2200000 4500 =001 INLIS000000000036548 =005 20221108073019 =035 ##$$a 0010-061300000036548 =008 221108################g##########0#ind## =041 ##$$a Ind =082 ##$$a 028.5 =090 ##$$a 028.5, Far d =100 ##$$a Farr, Michael =245 1#$$a Dupond dan dupont : $b Tepatnya /$c Michael Farr ; alih bahasa, Donna Widjajanto ; editor, Dini Pandia =260 ##$$a Jakarta :$b Gramedia,$c 2010 =300 ##$$a 42 hlm : $b Ilus ; $c 22 cm =650 #4$$a Bacaan kanak-kanak =850 ##$$a NBPNMAT =020 ##$$a 978-979-22-5415-0 =084 ##$$a 028.5 FAR d =990 ##$$a 21102419 =990 ##$$a 3120531205 =990 ##$$a 21102417 =990 ##$$a 21102419 =990 ##$$a 21102417 =990 ##$$a 21102419